Loading...
| Philosophy | 0 | 7 | 0 | 0 | 70 | 23 | 48.29 | 6 | 7 | 0.00 | 0.00 |
| Painting/Sculpture | 0 | 6 | 0 | 2 | 60 | 39 | 84.33 | 1 | 2 | 0.00 | 0.00 |
| Social Science | 0 | 5 | 0 | 1 | 50 | 41 | 52.00 | 1 | 4 | 0.00 | 0.00 |
| History - World | 0 | 5 | 1 | 0 | 45 | 40 | 47.80 | 0 | 1 | 0.00 | 0.00 |
| Mythology | 0 | 5 | 2 | 0 | 40 | 16 | 45.20 | 1 | 4 | 0.00 | 0.00 |
| Religion | 0 | 4 | 1 | 1 | 35 | 27 | 77.00 | 0 | 1 | 0.00 | 0.00 |
| Literature - European | 0 | 3 | 0 | 1 | 30 | 75 | 94.33 | 0 | 1 | 0.00 | 0.00 |
| History - European | 0 | 3 | 2 | 0 | 20 | 65 | 73.33 | 0 | 1 | 0.00 | 0.00 |
| Literature - American | 0 | 2 | 0 | 0 | 20 | 76 | 80.50 | 0 | 0 | 0.00 | 0.00 |
| Science - Chemistry | 0 | 2 | 0 | 1 | 20 | 74 | 91.00 | 0 | 0 | 0.00 | 0.00 |
| Science - Biology | 0 | 2 | 0 | 2 | 20 | 97 | 97.50 | 0 | 0 | 0.00 | 0.00 |
| History - American | 0 | 3 | 2 | 0 | 20 | 55 | 57.67 | 0 | 1 | 0.00 | 0.00 |
| History - Other | 0 | 3 | 3 | 0 | 15 | 47 | 66.67 | 1 | 2 | 0.00 | 0.00 |
| Literature - British | 0 | 1 | 0 | 0 | 10 | 117 | 117.00 | 0 | 0 | 0.00 | 0.00 |
| Fine Arts - Classical Music | 0 | 1 | 0 | 0 | 10 | 78 | 78.00 | 0 | 0 | 0.00 | 0.00 |
| Geography | 0 | 1 | 0 | 0 | 10 | 53 | 53.00 | 1 | 1 | 0.00 | 0.00 |
| Pop Culture | 0 | 1 | 1 | 0 | 5 | 64 | 64.00 | 0 | 1 | 0.00 | 0.00 |
| Current Events | 0 | 0 | 0 | 0 | 0 | 0.00 | 0 | 0 | 0.00 | 0.00 | |
| Fine Arts - Other | 0 | 0 | 3 | 0 | -15 | 0.00 | 0 | 0 | 0.00 | 0.00 |